A TEXTBOOK OF BIOCHEMISTRY AND CLINICAL PATHOLOGY (Record no. 34146)

MARC details
000 -LEADER
fixed length control field 00333nam a22001457a 4500
003 - CONTROL NUMBER IDENTIFIER
control field SGT
020 ## - INTERNATIONAL STANDARD BOOK NUMBER
International Standard Book Number 9788119613557
082 ## - DEWEY DECIMAL CLASSIFICATION NUMBER
Classification number 612.015
Item number KOH
100 ## - MAIN ENTRY--PERSONAL NAME
Personal name KOHLI ANKIT
245 ## - TITLE STATEMENT
Title A TEXTBOOK OF BIOCHEMISTRY AND CLINICAL PATHOLOGY
260 ## - PUBLICATION, DISTRIBUTION, ETC. (IMPRINT)
Place of publication, distribution, etc INDIA
Name of publisher, distributor, etc IP
Year of Publication 2026
300 ## - PAGE DESCRIPTION
No. of Pages 229
650 ## - SUBJECT ADDED ENTRY--TOPICAL TERM
Topical term or geographic name as entry element BIOCHEMISTRY
942 ## - ADDED ENTRY ELEMENTS (KOHA)
Source of classification or shelving scheme Dewey Decimal Classification
Koha item type Books
Holdings
Withdrawn status Lost status Source of classification or shelving scheme Damaged status Not for loan Collection code Home library Current library Shelving location Date acquired Vendor Name Cost, normal purchase price SGTU Bill Number Total Checkouts Full call number Accession No. (Barcode) Date last seen Bill Date Koha item type
    Dewey Decimal Classification     SCIENCE SGT Science & Social Sciences Library SGT Science & Social Sciences Library Text Book 21/02/2026 INNOVATIVE PUBLICATION 450.00 SGTU IPI/2025/SU/INS338/2   612.015 KOH DP1705 21/02/2026 10/02/2026 Books
    Dewey Decimal Classification     SCIENCE SGT Science & Social Sciences Library SGT Science & Social Sciences Library Text Book 21/02/2026 INNOVATIVE PUBLICATION 450.00 SGTU IPI/2025/SU/INS338/2   612.015 KOH DP1706 21/02/2026 10/02/2026 Books